| 000 | 00353nam a2200145Ia 4500 | ||
|---|---|---|---|
| 008 | 150201s2004 xx 000 0 und d | ||
| 082 |
_a617.643 _bO2004B |
||
| 100 | _aBISHARA,SAMIR | ||
| 245 | _aTEXT BOOK OF ORTHODONTICS | ||
| 250 | _a1ST | ||
| 260 |
_bSAUNDERS _aPHILADELPHIA _c2004 |
||
| 300 | _a1-592 | ||
| 650 | _aORTHODONTICS | ||
| 942 |
_2ddc _cBK _01 |
||
| 999 |
_c3717 _d3717 |
||